000 00445nam a2200181Ia 4500
008 230711s9999||||xx |||||||||||||| ||und||
020 _a978-93-272-2267-8
041 _aENG
082 _a658
_bJO-B
100 _aJoshi,Rosy
245 0 _aBusiness environment
250 _a4th . Ed.
260 _c2012
_aNew Delhi
_bKalyani Publishers House
300 _a604
650 _aUNIVESITY BUSNIESS SCHOOL
700 _aKapoor,Sangam
942 _cBK
999 _c5551
_d5551